Guglielmo Forni Rosa, Dictionnaire Rousseau. Anthropologie, politique, religion, Trad. de l’italien par Brigitte Pasquet Gotti. Préf. de Robert Thiéry, Montmorency, Siam-Jean-Jacques Rousseau, 2011, 124 p., chronol., ill., notes bibliogr. (« Lire Rousseau » 4). (notice n° 1646482)
[ vue normale ]
| 000 -LEADER | |
|---|---|
| fixed length control field | 00680cam a2200145 4500500 |
| 005 - DATE AND TIME OF LATEST TRANSACTION | |
| control field | 20260208002446.0 |
| 041 ## - LANGUAGE CODE | |
| Language code of text/sound track or separate title | fre |
| 042 ## - AUTHENTICATION CODE | |
| Authentication code | dc |
| 100 10 - MAIN ENTRY--PERSONAL NAME | |
| Personal name | Laberge, Yves |
| Relator term | author |
| 245 00 - TITLE STATEMENT | |
| Title | Guglielmo Forni Rosa, Dictionnaire Rousseau. Anthropologie, politique, religion, Trad. de l’italien par Brigitte Pasquet Gotti. Préf. de Robert Thiéry, Montmorency, Siam-Jean-Jacques Rousseau, 2011, 124 p., chronol., ill., notes bibliogr. (« Lire Rousseau » 4). |
| 260 ## - PUBLICATION, DISTRIBUTION, ETC. | |
| Date of publication, distribution, etc. | 2012.<br/> |
| 500 ## - GENERAL NOTE | |
| General note | 98 |
| 786 0# - DATA SOURCE ENTRY | |
| Note | L'Homme | 203 - 204 | 3 | 2012-12-01 | p. 625e-638e | 0439-4216 |
| 856 41 - ELECTRONIC LOCATION AND ACCESS | |
| Uniform Resource Identifier | <a href="https://shs.cairn.info/revue-l-homme-2012-3-page-625e?lang=fr&redirect-ssocas=7080">https://shs.cairn.info/revue-l-homme-2012-3-page-625e?lang=fr&redirect-ssocas=7080</a> |
Pas d'exemplaire disponible.




Réseaux sociaux